000 00614nam a22001817a 4500
003 UA-OsUOA
001 9308
007 ta
008 20041027b un ||||| |||| 00| 0 ukr d
100 _aБасараба В.
942 _cSA
040 _aUA-OsUOA
_cUA-OsUOA
_dUA-OsUOA
245 _aДорога до храму
_b[Про новий храм в Удрицьку Дубровиц. р-ну - Свято-Петро-Павлівську церкву]
300 _aС.6
955 _a0
773 0 _w0
_tВільне слово
_dРівне
_d2004
_g№80/22 жовт./
650 7 _aКультові споруди
_2UDC
999 _c295469
_d295469